| 000 | 01611cab a2200553 4500 | ||
|---|---|---|---|
| 001 | ABS54913 | ||
| 008 | 090401t1996 xxu||||| |||| 00| 0 eng d | ||
| 035 | _a(Sirsi) u13025 | ||
| 041 | _aeng | ||
| 245 | _aEstates Times review: East Midlands | ||
| 260 | _c1996 | ||
| 300 | _aLOAN | ||
| 350 | _a0 | ||
| 490 |
_aEstates Times _v(1321) 19 April 1996, (50) |
||
| 650 | _a1960S BUILDINGS | ||
| 650 | _a1970S BUILDINGS | ||
| 650 | _aBROAD MARSH CENTRE | ||
| 650 | _aBUSINESS PARKS | ||
| 650 | _aCITY CHALLENGE | ||
| 650 | _aCONTAMINATED LAND | ||
| 650 | _aCORBY | ||
| 650 | _aDAVENTRY INTERNATIONAL RAIL FREIGHT TERMINAL | ||
| 650 | _aDERBY | ||
| 650 | _aDESIGN AND BUILD | ||
| 650 | _aEAST MIDLANDS | ||
| 650 | _aENGLISH PARTNERSHIPS | ||
| 650 | _aENTERPRISE ZONES | ||
| 650 | _aEUROHUB | ||
| 650 | _aFACTORY OUTLETS | ||
| 650 | _aFREIGHT TERMINALS | ||
| 650 | _aINDUSTRIAL MARKET | ||
| 650 | _aINFRASTRUCTURE ISSUES | ||
| 650 | _aKETTERING | ||
| 650 | _aLEICESTER | ||
| 650 | _aNORTHAMPTON | ||
| 650 | _aNOTTINGHAM | ||
| 650 | _aPROPERTY-COMMERCIAL PROPERTY-OFFICE PROPERTY-OFFICE PROPERTY MARKET | ||
| 650 |
_aRefurbishment _96264 |
||
| 650 | _aPROPERTY-COMMERCIAL PROPERTY-RETAIL PROPERTY-RETAIL PROPERTY MARKET | ||
| 650 | _aRETAIL PARKS | ||
| 650 | _aPROPERTY-INFRASTRUCTURE-TRANSPORT INFRASTRUCTURE-ROAD INFRASTRUCTURE | ||
| 650 | _aSHERWOOD PARK | ||
| 650 | _aSHIRES SHOPPING CENTRE | ||
| 650 | _aSHOPPING CENTRES | ||
| 650 | _aSTANTON | ||
| 690 | _aPROPERTY-COMMERCIAL PROPERTY-COMMERCIAL PROPERTY MARKET | ||
| 942 | _n0 | ||
| 948 | _c04/03/1997 | ||
| 999 |
_c8372 _d8372 |
||